LDR 01506naa#a2200193#i#450# 001 RU\\bibl\121731 005 20260501183014.5 011 ## _a1998-8990 100 ## _a20260423b2026####ek#y0rusy0150####ca 102 ## _aRU 200 1# _aПРОГНОЗИРОВАНИЕ РАЗВИТИЯ ПОЖАРОВ В РЕЖИМЕ РЕАЛЬНОГО ВРЕМЕНИ НА НАЧАЛЬНОЙ СТАДИИ _eЖурнальная статья 210 1# _aСанкт-Петербург _cСанкт-Петербургский университет Государственной противопожарной службы Министерства Российской Федерации по делам гражданской обороны, чрезвычайным ситуациям и ликвидации последствий стихийных бедствий имени Героя Российской Федерации генерала армии Е.Н. Зиничева _d2026 215 ## _a14 с. 608 ## _aЖурнальная статья _2local 675 ## _aИзучение проблемы организации: методология, анализ, синтез, классификация и таксономия (теория, основы), систематизация в целом. 005 _z 700 #1 _aГавкалюк _gБогдан Васильевич 700 #1 _aДейнека _gЕвгений Григорьевич 700 #1 _aГлухов _gВладимир Викторович 856 4# _ajournals.igps.ru _u